01403 a2200265 4500003000500000005001700005010001700022020003500039035002200074040000900096082001200105100001700117245015700134260004400291300003400335440006100369505041500430650004100845650001800886650002100904700001400925700001500939856009100954856009201045Nust20221024132144.0 a 2004103117 a3540210962 (pbk. : alk. paper) a(DLC) 2004103117 cNust a621,NAK1 aNakamura, M.10aMechatronic servo system control :bproblems in industries and their theoretical solutions /cM. Nakamura, S. Goto, N. Kyura ; translated by Tao Zhang. aBerlin ;aNew York :bSpringer,cc2004. axvi, 196 p. :bill. ;c24 cm. 0aLecture notes in control and information sciences ;v300 aOutline of Mechatronic Servo Systems (Page-1), Mathematical Model Construction of a Mechatronic Servo Systems (Page-17), Discrete Time Interval of a Mechatronic Servo Systems (Page-53), Quantization Error of A Mechatronic Servo Systems (Page-79), Torque Saturation of a Mechatronic Servo Systems (Page-97), The Midfield Thought Data Methods (Page-121), Master Slave Synchronous Positioning Control (Page-149).  0aManufacturing processesxAutomation. 0aMechatronics. 0aServomechanisms.1 aGot寬 S.1 aKy嵲a, N.423Publisher descriptionuhttp://www.loc.gov/catdir/enhancements/fy0813/2004103117-d.html423Table of contents onlyuhttp://www.loc.gov/catdir/enhancements/fy0813/2004103117-t.html